| 000 | 00664nam a2200217 i 4500 | ||
|---|---|---|---|
| 003 | DO-SdBNP | ||
| 005 | 20230626111202.0 | ||
| 006 | a||||br|||| 00| 0 | ||
| 007 | ta | ||
| 008 | 230626b? |||a|||| |||| 00| 0 spa d | ||
| 040 |
_aDO-SdBNP _bspa _cBNPHU _erda |
||
| 082 | 4 |
_222 _bC961a |
|
| 245 | 0 | 0 | _aCuaderno de acompañamiento de niños, niñas y gestante. / |
| 264 |
_a[Santo Domingo] : _bPastoral Materno Infantil, _c[sin fecha] |
||
| 300 |
_a63 páginas : _bIlustraciones ; _c30 cm. |
||
| 336 |
_2rdaconten _atexto _btxt |
||
| 337 |
_2rdamedia _asin medición _bn |
||
| 338 |
_2rdacarrier _avolumen _bnc |
||
| 590 | _aInventariado 2023 / MF | ||
| 942 |
_2ddc _cLBS1 |
||
| 999 |
_c53951 _d53951 |
||